000 01583cam a2200361 i 4500
001 om208006406
003 EG-ScBUE
005 20231113134523.0
008 190912s2019 sz f b 001 0 eng d
020 _a9783030256579
040 _aUKMGB
_beng
_erda
_cUKMGB
_dOCLCO
_dBDX
_dOCLCF
_dYDX
_dEG-ScBUE
043 _ama-----
_ae------
082 0 4 _a302.231083
_222
_bSAK
100 1 _aSakr, Naomi,
_eauthor.
245 1 0 _aScreen media for Arab and European children :
_bpolicy and production encounters in the multiplatform era /
_cNaomi Sakr, Jeanette Steemers.
264 1 _aCham :
_bPalgrave Macmillan,
_c2019.
300 _aix, 142 pages ;
_c21 cm.
336 _atext
_btxt
_2rdacontent
337 _aunmediated
_bn
_2rdamedia
338 _avolume
_bnc
_2rdacarrier
490 0 _aPalgrave pivot
504 _aIncludes bibliographical references and index.
650 7 _aMass media and children
_zArab countries.
_2BUEsh
650 7 _aMass media and children
_zEurope.
_2BUEsh
650 7 _aComputers and children
_zArab countries.
_2BUEsh
650 7 _aComputers and children
_zEurope.
_2BUEsh
655 _vReading book
700 1 _aSteemers, Jeanette,
_eauthor.
776 0 8 _iElectronic version:
_aSakr, Naomi.
_tScreen media for Arab and European children.
_dCham : Palgrave Macmillan, 2019
_z9783030256586
_w(OCoLC)1122792042
942 _2ddc
_cBB
949 _tNONCIRC
_l_ULDEMAND
_mI-UNIVLIB
_o.PUBLIC. Books on Demand service for IUPUI University Library users only
_o.PUBLIC. Click the “Get this for IUPUI” button to submit a request.
999 _c30606
_d30577